Meethay Pakwan; (Record no. 585760)
[ view plain ]
| 000 -LEADER | |
|---|---|
| fixed length control field | 00310nam a22001217a 4500 |
| 020 ## - INTERNATIONAL STANDARD BOOK NUMBER | |
| International Standard Book Number | 0000000492737 |
| 040 ## - CATALOGING SOURCE | |
| Transcribing agency | NUST |
| 082 ## - DEWEY DECIMAL CLASSIFICATION NUMBER | |
| Classification number | 641.5 MEE |
| 100 ## - MAIN ENTRY--PERSONAL NAME | |
| Personal name | Nudrat Jahan |
| 9 (RLIN) | 80881 |
| 245 ## - TITLE STATEMENT | |
| Title | Meethay Pakwan; |
| Remainder of title | Halwa Jaat Aur Sweet Dish Ki Soghat |
| 650 ## - SUBJECT ADDED ENTRY--TOPICAL TERM | |
| Topical term or geographic name entry element | Cooking-Meethay Pakwan |
| 9 (RLIN) | 81596 |
| 942 ## - ADDED ENTRY ELEMENTS (KOHA) | |
| Source of classification or shelving scheme | |
| Koha item type | Book |
| Withdrawn status | Lost status | Source of classification or shelving scheme | Damaged status | Not for loan | Permanent Location | Current Location | Shelving location | Date acquired | Total Checkouts | Full call number | Barcode | Date last seen | Price effective from | Koha item type |
|---|---|---|---|---|---|---|---|---|---|---|---|---|---|---|
| College of Electrical & Mechanical Engineering (CEME) | College of Electrical & Mechanical Engineering (CEME) | General Stacks | 07/02/2021 | 641.5 MEE | CEME-50050 | 07/02/2021 | 07/02/2021 | Book |
